00573nam a22001932 4500001001100000005001700011008004100028020001700069040001500086100003100101245008100132250001300213260003500226300001900261650003900280650002500319700003200344852000300376000002439320151217154510.0130911s xx 000 0 eng d a1605476331 : aKABUcKABU1 aFord, Susan M.@000018445410aRoach's introductory clinical pharmacology /cSusan M. Ford, Sally S. Roach. a9th ed. aPhiladelphia :bKluwer,c2010. axviii, 652 p. 0aClinical pharmacology.@0000179441 0aNursing.@00001558521 aRoach, Sally S.@00001844551